000
00242 a2200097 4500
020
_a
9789365692792
100
_a
M. Mukundan, Gita Krishnankutty tr.
245
_a
On the banks of the Mayyazhi
260
_b
Harper Perennial
_c
2025
942
_c
OO
999
_c
115220
_d
115219